[Event "Pan American-ch School U13 12th"]
[Site "Callao"]
[Date "2023.10.17"]
[Round "3"]
[White "Cisneros Vargas, Gabriel Jesus"]
[Black "Astoyauri De la Cruz, Fernando Isaac"]
[Result "1/2-1/2"]
[WhiteElo "1140"]
[BlackElo "1636"]
[PlyCount "81"]
[EventDate "2023.10.16"]
[EventType "swiss"]
[EventRounds "9"]
[EventCountry "PER"]
[SourceTitle "Mega2024 Update 01"]
[Source "Chessbase"]
[SourceDate "2023.11.12"]
[SourceVersion "1"]
[SourceVersionDate "2023.11.12"]
[SourceQuality "1"]

1. e4 e5 2. Nf3 Nc6 3. d4 exd4 4. Bc4 Bc5 5. c3 Nf6 6. 0-0 d5 7. exd5 Nxd5 8. cxd4 Be7 9. Nc3 Be6 10. Qb3 Na5 11. Qa4+ c6 12. Bxd5 Bxd5 13. Nxd5 Qxd5 14. Re1 b6 15. b3 Kf8 16. Re5 Qd7 17. Ba3 Bd6 18. Rae1 Rd8 19. Re7 Bxe7 20. Rxe7 Qxe7 21. Bxe7+ Kxe7 22. b4 Nc4 23. Qxc6 Nd6 24. Qa4 Rd7 25. Ne5 Rc7 26. h3 Rhc8 27. Kh2 f6 28. Ng4 Rd7 29. Ne3 Nc4 30. Qa6 Nd6 31. Nf5+ Kd8 32. Nxd6 Rxd6 33. Qxa7 Rc7 34. Qb8+ Kd7 35. Qg8 Kc6 36. Qxh7 Rxd4 37. Qc2+ Kb7 38. Qb2 Rdc4 39. b5 R4c5 40. Qe2 Rc2 41. Qd3 1/2-1/2

[Event "South America-ch 1st"]
[Site "Lima"]
[Date "2023.09.14"]
[Round "1"]
[White "Astoyauri De la Cruz, Fernando Isaac"]
[Black "Sardon Aragon, Alejandro Ulysses"]
[Result "1-0"]
[WhiteElo "1428"]
[BlackElo "1081"]
[PlyCount "49"]
[EventDate "2023.09.14"]
[EventType "swiss"]
[EventRounds "9"]
[EventCountry "PER"]
[SourceTitle "EXT 2024"]
[Source "ChessBase"]
[SourceDate "2023.10.10"]
[SourceVersion "1"]
[SourceVersionDate "2023.10.10"]
[SourceQuality "1"]

1. e4 c5 2. Nf3 d6 3. g3 Nf6 4. d3 g6 5. Bg2 Bg7 6. c3 0-0 7. 0-0 Nc6 8. Na3 a6 9. Nc2 Bd7 10. Qe2 Qc8 11. Rd1 Bh3 12. d4 Bxg2 13. Kxg2 cxd4 14. Nfxd4 Ne5 15. f4 Nc4 16. b3 Nb6 17. c4 Qc7 18. Ba3 a5 19. Re1 Nfd7 20. Nb5 Qc8 21. Nbd4 Nc5 22. e5 dxe5 23. fxe5 Nbd7 24. Nf3 a4 25. Rad1 1-0